Statistics for The Only Country ...

Click here to take the quiz!

General Stats

  • This quiz has been taken 13,604 times
    (1,821 since last reset)
  • The average score is 20 of 22

Answer Stats

The only country that ...Country% Correct
starts with OOman
99%
is entirely surrounded by a cityVatican City
99%
is majority JewishIsrael
98%
has a larger surface area than PlutoRussia
97%
has used nuclear weapons in warUnited States
97%
has won five men's FIFA World CupsBrazil
96%
has some highways with no speed limitGermany
95%
has three official capitalsSouth Africa
95%
does not recognize CyprusTurkey
95%
got its independence from EthiopiaEritrea
94%
has Māori as an official languageNew Zealand
93%
has lemurs living in the wildMadagascar
92%
has a non-quadrilateral flagNepal
92%
shares a border with the GambiaSenegal
90%
is a city-state on an islandSingapore
89%
has an EmperorJapan
88%
is led by a Supreme Council of
seven Sheikhs
United Arab
Emirates
86%
has twelve time zonesFrance
84%
has over 800 spoken languages
currently in use
Papua New
Guinea
81%
has a capital with an elevation
over 3,000 m (10,000 ft)
Bolivia
80%
ends in KDenmark
76%
has a Libertarian head of stateArgentina
49%

Score Distribution

Percentile by Number Answered

Percent of People with Each Score

Your Score History

You have not taken this quiz since the last reset